• 首页
  • 本馆介绍
  • 公告通知
  • 最新文献
  • 馆藏检索
  • 电子资源
  • 读者导购
  • 参考咨询
  • 我的图书馆
  • 登录
  • 详细信息显示
  • 放入我的书架
  • 预约/预借图书
  • 作者相关作品
  • 分类相关作品
  • 丛书相关作品
  • 出版社相关作品

书目信息

  • 表格格式
  • 工作单格式
  • 卡片格式
题名:
中外健美小灵通
    
 
作者: 金明 编
分册:  
出版信息: 北京   中国社会出版社  1995
页数: 13,284页
开本: 20cm
丛书名: 善待自我书系
单 册:
中图分类: R161 , TS974.1
科图分类:
主题词: 保健--基本知识 , 美容--基本知识 , 保健 , 美容
电子资源:
ISBN: 7-80088-270-5
000 00857oam2 2200289 450
001 1571249022
005 20150129194747.75
010    @a7-80088-270-5@dCNY13.00
100    @a20050601e19991995em y0chiy0110 ea
101 0  @achi
102    @aCN@b110000
105    @ay z 000yy
200 1  @a中外健美小灵通@9zhong wai jian mei xiao ling tong@e660例@f金明等著
210    @a北京@c中国社会出版社@d1995@h1999
215    @a13,284页@d20cm
225 2  @a善待自我书系
330    @a本书内容包括:男性美与女性美、身心健美法、美容整形和减肥术、洗梳化妆入门、服装首饰参谋、营养健身顾问等。
461  0 @12001 @a善待自我书系
606 0  @a保健@x基本知识
606 0  @a美容@x基本知识
606 0  @a保健
606 0  @a美容
690    @aR161@v5
690    @aTS974.1@v5
701  0 @a金明@9jin ming@4编
801  0 @aCN@bTSSF@c20150129
905    @aZUCC@dR161@eJY200
    
    中外健美小灵通:660例/金明等著.-北京:中国社会出版社,1995(1999)
    13,284页;20cm.-(善待自我书系)
    
    
    ISBN 7-80088-270-5:CNY13.00
    本书内容包括:男性美与女性美、身心健美法、美容整形和减肥术、洗梳化妆入门、服装首饰参谋、营养健身顾问等。
●
相关链接 在E读中查询图书 在五车中查询图书 在当当中查询图书 在豆瓣中查询图书


正题名:中外健美小灵通     索取号:R161/JY200         预约/预借

序号 登录号 条形码 馆藏地/架位号 状态 备注
1 7862858   278628585   学院路分馆/ [索取号:R161/JY200] 在馆    
唐山师范学院图书馆 欢迎您!
大连网信软件有限公司© 版权所有